| 000 | 01333nam a2200241Ia 4500 | ||
|---|---|---|---|
| 999 |
_c53256 _d53256 |
||
| 001 | 20297 | ||
| 003 | GE_BSU | ||
| 005 | 20200825220332.0 | ||
| 008 | 181216s1973||||ge |||||||||||||| ||geo|| | ||
| 040 | _cGE_BSU | ||
| 041 | _ageo | ||
| 080 | _a373.3.016:003-028.31 ბ-29 | ||
| 100 |
_aრამიშვილი, ვალერიან _91173 |
||
| 245 |
_aექვსწლიანთა წერა-კითხვის სწავლებისა და მეტყველების განვითარების საკითხები / _cვალერიან რამიშვილი ; რედ. მ. ჩინჩალაძე. |
||
| 264 |
_aთბილისი : _bთბილ. უნ-ტის გამ-ბა, _c1989. |
||
| 300 |
_a158 გვ. ; _c2სმ. |
||
| 490 | _aსაქართველოს სსრ პედაგოგიური საზოგადოება | ||
| 541 | _h20 ლ. | ||
| 653 | _aექვსწლიანთა წერა-კითხვის სწავლებისა და მეტყველების განვითარების საკითხები | ||
| 653 | _aქართული ენა | ||
| 700 |
_aჩინჩალაძე, მ. _eრედაქტორი _97311 |
||
| 942 |
_cBK _2udc |
||